| Tag |
First Indicator |
Second Indicator |
Subfields |
| LEADER |
00000cam a2200000 a 4500 |
| 001 |
in00000031221 |
| 005 |
20151007060334.0 |
| 008 |
860821s1985 gw b 00110 ger |
| 010 |
|
|
|a 86196955
|
| 020 |
|
|
|a 3506746855
|
| 035 |
|
|
|a (OCoLC)15014952
|
| 035 |
|
|
|9 AAC0611AM
|
| 040 |
|
|
|a DLC
|c DLC
|d m/c
|d TXA
|d UtOrBLW
|
| 043 |
|
|
|a e-uk-en
|
| 049 |
|
|
|a TXAM
|c [A11682838]
|
| 050 |
0 |
0 |
|a BR749
|b .V64 1985
|
| 082 |
0 |
|
|a 262/.5242
|2 19
|
| 100 |
1 |
|
|a Vollrath, Hanna.
|
| 245 |
1 |
4 |
|a Die Synoden Englands bis 1066 /
|c Hanna Vollrath.
|
| 264 |
|
1 |
|a Paderborn :
|b F. Schöningh,
|c 1985.
|
| 300 |
|
|
|a xlii, 484 pages ;
|c 24 cm.
|
| 336 |
|
|
|a text
|b txt
|2 rdacontent
|
| 337 |
|
|
|a unmediated
|b n
|2 rdamedia
|
| 338 |
|
|
|a volume
|b nc
|2 rdacarrier
|
| 490 |
1 |
|
|a Konziliengeschichte. Reihe A, Darstellungen
|
| 500 |
|
|
|a Habilitationsschrift, Universität zu Köln, 1980.
|
| 504 |
|
|
|a Bibliography: pages [xv]-xl.
|
| 500 |
|
|
|a Includes index.
|
| 650 |
|
0 |
|a Councils and synods
|z England
|x History.
|
| 651 |
|
0 |
|a England
|x Church history
|y 449-1066.
|
| 830 |
|
0 |
|a Konziliengeschichte.
|n Reihe A,
|p Darstellungen.
|
| 999 |
|
|
|a MARS
|
| 999 |
f |
f |
|s 210a0a88-a28e-3617-92bb-47dffaa00c45
|i ce43c618-edca-31f8-913f-eebd29c57935
|t 0
|
| 952 |
f |
f |
|p ric
|a Texas A&M University
|b Rellis Campus
|c Joint Library Facility
|d Remote Storage
|t 0
|e BR749 .V64 1985
|h Library of Congress classification
|i unmediated -- volume
|m A14811682838
|
| 998 |
f |
f |
|a BR749 .V64 1985
|t 0
|l Remote Storage
|